000 00745naa a2200229 i 4500
001 98358
003 ES-MaBCM
005 20250717062548.0
008 040621s2004 fra 000 0 fre d
021 _axx
035 _a(OCoLC)1365125049
040 _cES-MaBCM
041 0 _afre
043 _afra
100 1 _aPhilippe, Sandra
_936824
245 1 0 _aLa mise en oeuvre de l'action publique
_b: un moment problématique : l'exemple de la politique de santé mentale
_cSandra Philippe
650 2 7 _aPolítica social
_959845
650 7 _aEnfermedad mental
_958553
651 4 _aFrancia
_9115364
773 0 _aEn:
_tRevue française de science politique
_dParis : 2004
_w104469
_gv. 54, nº 2, avril, p. 315-334. - Loc. S.51
942 _cAREV
999 _c98358
_d98358